System Simulation (Record no. 7276)
[ view plain ]
| 000 -LEADER | |
|---|---|
| fixed length control field | 00322nam a2200145Ia 4500 |
| 008 - FIXED-LENGTH DATA ELEMENTS--GENERAL INFORMATION | |
| fixed length control field | 191201s2008 xx 000 0 und d |
| 020 ## - INTERNATIONAL STANDARD BOOK NUMBER | |
| International Standard Book Number | 9780138817978 |
| 100 ## - MAIN ENTRY--PERSONAL NAME | |
| Personal name | GORDON, Geoffrey |
| 245 #0 - TITLE STATEMENT | |
| Title | System Simulation |
| 250 ## - EDITION STATEMENT | |
| Edition statement | 2nd |
| 260 ## - PUBLICATION, DISTRIBUTION, ETC. (IMPRINT) | |
| Date of publication, distribution, etc | 2008 |
| Name of publisher, distributor, etc | PHI |
| Place of publication, distribution, etc | N.Delhi |
| 300 ## - PHYSICAL DESCRIPTION | |
| Extent | 324 |
| 650 ## - SUBJECT ADDED ENTRY--TOPICAL TERM | |
| Topical term or geographic name as entry element | MCA |
| 942 ## - ADDED ENTRY ELEMENTS (KOHA) | |
| Source of classification or shelving scheme | Dewey Decimal Classification |
| Koha item type | Book Bank |
| Withdrawn status | Lost status | Source of classification or shelving scheme | Damaged status | Not for loan | Collection code | Home library | Current library | Date acquired | Source of acquisition | Cost, normal purchase price | Bill Number | Total Checkouts | Full call number | Acc. no. / Barcode | Date last seen | Actual Cost, discounted price | Bill Date | Koha item type | Public note | Checked out | Date last borrowed |
|---|---|---|---|---|---|---|---|---|---|---|---|---|---|---|---|---|---|---|---|---|---|
| Dewey Decimal Classification | MCA | PIET C-LIBRARY | PIET C-LIBRARY | 30/06/2020 | J B C, New Delhi | 195.00 | SI 5593 (2009-02-06) | 003 GOS | 32114 | 04/12/2019 | 126.75 | 30/06/2020 | Text Books | Transfer BooK Bank to Main | |||||||
| Dewey Decimal Classification | MCA | PIET C-LIBRARY | PIET C-LIBRARY | 30/06/2020 | J B C, New Delhi | 195.00 | SI 5593 (2009-02-06) | 003 GOS | 32115 | 04/12/2019 | 126.75 | 30/06/2020 | Text Books | Transfer BooK Bank to Main | |||||||
| Dewey Decimal Classification | MCA | PIET C-LIBRARY | PIET C-LIBRARY | 30/06/2020 | J B C, New Delhi | 195.00 | SI 5593 (2009-02-06) | 003 GOS | 32116 | 04/12/2019 | 126.75 | 30/06/2020 | Text Books | Transfer BooK Bank to Main | |||||||
| Dewey Decimal Classification | MCA | PIET C-LIBRARY | PIET C-LIBRARY | 30/06/2020 | J B C, New Delhi | 195.00 | SI 5593 (2009-02-06) | 003 GOS | 32117 | 04/12/2019 | 126.75 | 30/06/2020 | Text Books | Transfer BooK Bank to Main | |||||||
| Dewey Decimal Classification | MCA | PIET C-LIBRARY | PIET C-LIBRARY | 30/06/2020 | J B C, New Delhi | 195.00 | SI 5593 (2009-02-06) | 003 GOS | 32118 | 04/12/2019 | 126.75 | 30/06/2020 | Text Books | Transfer BooK Bank to Main | |||||||
| Dewey Decimal Classification | MCA | PIET C-LIBRARY | PIET C-LIBRARY | 30/06/2020 | J B C, New Delhi | 195.00 | SI 5593 (2009-02-06) | 003 GOS | 32119 | 04/12/2019 | 126.75 | 30/06/2020 | Text Books | Transfer BooK Bank to Main | |||||||
| Dewey Decimal Classification | MCA | PIET C-LIBRARY | PIET C-LIBRARY | 30/06/2020 | J B C, New Delhi | 195.00 | SI 5593 (2009-02-06) | 003 GOS | 32120 | 04/12/2019 | 126.75 | 30/06/2020 | Text Books | Transfer BooK Bank to Main | |||||||
| Dewey Decimal Classification | MCA | PIET C-LIBRARY | PIET C-LIBRARY | 30/06/2020 | J B C, New Delhi | 195.00 | SI 5593 (2009-02-06) | 003 GOS | 32121 | 04/12/2019 | 126.75 | 30/06/2020 | Text Books | Transfer BooK Bank to Main | |||||||
| Dewey Decimal Classification | MCA | PIET C-LIBRARY | PIET C-LIBRARY | 30/06/2020 | J B C, New Delhi | 195.00 | SI 5593 (2009-02-06) | 003 GOS | 32122 | 04/12/2019 | 126.75 | 30/06/2020 | Text Books | Transfer BooK Bank to Main | |||||||
| Dewey Decimal Classification | MCA | PIET C-LIBRARY | PIET C-LIBRARY | 30/06/2020 | J B C, New Delhi | 195.00 | SI 5593 (2009-02-06) | 003 GOS | 32123 | 04/12/2019 | 126.75 | 30/06/2020 | Text Books | Transfer BooK Bank to Main | |||||||
| Dewey Decimal Classification | MCA | PIET C-LIBRARY | PIET C-LIBRARY | 30/06/2020 | J B C, New Delhi | 195.00 | SI 5593 (2009-02-06) | 003 GOS | 32124 | 04/12/2019 | 126.75 | 30/06/2020 | Text Books | Transfer BooK Bank to Main | |||||||
| Dewey Decimal Classification | MCA | PIET C-LIBRARY | PIET C-LIBRARY | 30/06/2020 | J B C, New Delhi | 195.00 | SI 5593 (2009-02-06) | 003 GOS | 32125 | 04/12/2019 | 126.75 | 30/06/2020 | Text Books | Transfer BooK Bank to Main | |||||||
| Dewey Decimal Classification | MCA | PIET C-LIBRARY | PIET C-LIBRARY | 30/06/2020 | J B C, New Delhi | 195.00 | SI 5593 (2009-02-06) | 003 GOS | 32126 | 04/12/2019 | 126.75 | 30/06/2020 | Text Books | Transfer BooK Bank to Main | |||||||
| Dewey Decimal Classification | MCA | PIET C-LIBRARY | PIET C-LIBRARY | 30/06/2020 | J B C, New Delhi | 195.00 | SI 5593 (2009-02-06) | 003 GOS | 32127 | 04/12/2019 | 126.75 | 30/06/2020 | Text Books | Transfer BooK Bank to Main | |||||||
| Dewey Decimal Classification | MCA | PIET C-LIBRARY | PIET C-LIBRARY | 06/02/2009 | J B C, New Delhi | 195.00 | SI-5593 | 1 | BB4451 | 04/11/2020 | 06/02/2009 | Book Bank | 18/11/2020 | 04/11/2020 |